000257415 001__ 257415
000257415 005__ 20260426040121.0
000257415 0247_ $$aG:(GEPRIS)583034287$$d583034287
000257415 035__ $$aG:(GEPRIS)583034287
000257415 040__ $$aGEPRIS$$chttp://gepris.its.kfa-juelich.de
000257415 150__ $$aT-Zell-basierte Ansätze zur Kontrolle von Autoimmunerkrankungen mit Epilepsie$$y2026 -
000257415 371__ $$aPrivatdozent Dr. Nico Melzer
000257415 371__ $$aDr. Michael Strüber
000257415 450__ $$aDFG project G:(GEPRIS)583034287$$wd$$y2026 -
000257415 5101_ $$0I:(DE-588b)2007744-0$$aDeutsche Forschungsgemeinschaft$$bDFG
000257415 680__ $$a
000257415 909CO $$ooai:juser.fz-juelich.de:1056495$$pauthority:GRANT$$pauthority
000257415 909CO $$ooai:juser.fz-juelich.de:1056495
000257415 980__ $$aG
000257415 980__ $$aAUTHORITY